000
00322nam a22001337a 4500
008
170425b xxu||||| |||| 00| 0 eng d
020
_a
2901285027608
041
_a
eng
080
_2
6 ED
_a
54
100
_a
12
101
_a
SHM
245
_a
GENERAL ORGANIC AND BIOLOGICAL CHEMISTRY
_c
STOKER.H.S
942
_2
udc
_c
BK
999
_c
11861
_d
11861